000 01835cam a22001814a 4500
005 20250605164210.0
008 250528s ||||||||||||||||||||||||d
035 _a20233
040 _aGR-AtMCL
_bgre
_dGR-AtMCL
_eAACR2
245 1 _aΓλώσσα η Ελληνική / Από την Παραδοσιακή στη Σύγχρονη Γλωσσολογία - Από την Ιστορία της Ελληνικής Γλώσσας - Από την Αρχαία στη Νέα Ελληνική Γραμματική
260 _bΘεσσαλονίκη,
_c1990
300 _a216
520 _aΣημειώσεις από τις παραδόσεις στην Παιδαγωγική Ακαδημία στη ΣΕΛΔΕ και στη ΣΕΛΜΕ της Λάρισας. Πρόλογος, Στοιχεία Γενικής Γλωσσολογίας, Παραδοσιακή Γλωσσολογία, Ferdinand De Saussure (1857-1913), Σύγχρονες Γλωσσολογικές Σχολές, Αμερικάνικη Δομολογία, Ευρωπαϊκή Δομολογία, Γενετική - Μετασχηματιστική Γραμματική, Γραμματική, Ιστορία της Ελληνικής Γλώσσας, Καταγωγή και Εξέλιξη της Γλώσσας, Η Αρχαία Ελληνική Γλώσσα, Η (Ελληνιστική) Κοινή Γλώσσα (323 π.Χ. -330μ.Χ.), Η Μεσαιωνική Ελληνική Γλώσσα (330-1453), Η Νεοελληνική Γλώσσα (1453-σήμερα), Από την Αρχαία στη Νέα Ελληνική Γραμματική, Στοιχεία Ιστορικής Γραμματικής, Στοιχεία ετυμολογικού, Βιβλιογραφία.
700 1 _aΛιαπής Βασίλης
_96256
942 _cBK
999 _c5367
_d5367